00345nam a2200133Ia 4500008004100000020001500041041000800056082001600064100002000080245005300100250000600153260004100159300001100200210716s1986 xx 000 0 und d a0312356112 aeng a301.01 RODR aRoderick, Rick. aHabermas and the foundations of critical theory. a1 aNew YorkbSt Martins Press Incc1986 axi,194